Vainqueurs de la CAN - Statistiques

Statistiques générales
  • Ce quiz a été pris 113 fois
  • Le résultat moyen est 9 sur 15
Statistiques - réponses
Nombre de victoire Dernière victoire Réponse % Correct
7 2010 Egypte
96%
5 2017 Cameroun
87%
3 2023 Côte d'Ivoire
86%
2 2025 Sénégal
84%
2 2019 Algérie
75%
3 2013 Nigéria
68%
1 1976 Maroc
59%
1 2004 Tunisie
56%
1 2012 Zambie
55%
4 1982 Ghana
49%
2 1974 République Démocratique du Congo/Zaïre
47%
1 1996 Afrique du Sud
40%
1 1962 Ethiopie
23%
1 1972 République du Congo/Congo
23%
1 1970 Soudan
22%
Aucun quiz correspondant
Distribution des résultats
% des personnes avec chaque résultat
Percentile par nombre de réponses
Votre historique - résultats
Vous n’avez pas pris ce quiz